| 000 | 00342nam a2200145Ia 4500 | ||
|---|---|---|---|
| 008 | 210210b1914 xxu||||| |||| 00| 0 eng d | ||
| 041 | _aeng | ||
| 082 | _a829/1207 | ||
| 100 | _aWATTS-DUNTON (T) | ||
| 245 | _aAylwin | ||
| 260 |
_aLondon _bOxford University Press _c1914 |
||
| 650 | _aAylwin | ||
| 690 | _aEnglish Fiction | ||
| 906 | _a017818 | ||
| 999 |
_c137802 _d137802 |
||